The European parliament and its international relations
Saved in:
| Other Authors: | , |
|---|---|
| Format: | Book |
| Language: | English |
| Published: |
New York :
Routledge,
c2015.
|
| Series: | Routledge advances in European politics
|
| Subjects: | |
| Tags: |
Add Tag
No Tags, Be the first to tag this record!
|
MARC
| LEADER | 00000cam a2200000 a 4500 | ||
|---|---|---|---|
| 001 | 1/124736 | ||
| 008 | 220503s2015####us | ||| |||| ||eng|| | ||
| 020 | |a 9781138292031 | ||
| 040 | |a GR-MyUa |b gre |c GR-MyUa |e AACR2 | ||
| 041 | 0 | |a eng | |
| 082 | 7 | |a 341.242224 |2 (23) | |
| 245 | 0 | 4 | |a The European parliament and its international relations / |c επιμέλεια: Stelios Stavridis και Daniela Irrera. |
| 260 | |a New York : |b Routledge, |c c2015. | ||
| 300 | |a xxxii, 303 σ. ; |c 24 εκ. | ||
| 490 | 1 | |a (Routledge advances in European politics) | |
| 504 | |a Περιλαμβάνει βιβλιογραφικές παραπομπές και ευρετήριο. | ||
| 651 | 0 | |a European Union countries |x Foreign relations. | |
| 700 | 1 | |a Stavridis, Stelios, |e edt | |
| 700 | 1 | |a Irrera, Daniela, |e edtf | |
| 830 | 0 | |a Routledge advances in European politics | |
| 852 | |a INST |b RHODES |e 20220503 |h 341.242224 EUR |p 005400042745 |q 005400042745 |t BK |y 0 | ||
| 970 | |z 03-05-2022 | ||